LEADER 05161nam 22006975 450 001 9910380736303321 005 20200703140533.0 010 $a3-030-27126-9 024 7 $a10.1007/978-3-030-27126-8 035 $a(CKB)4100000010480394 035 $a(MiAaPQ)EBC6113578 035 $a(DE-He213)978-3-030-27126-8 035 $a(EXLCZ)994100000010480394 100 $a20200204d2020 u| 0 101 0 $aeng 135 $aurcnu|||||||| 181 $ctxt$2rdacontent 182 $cc$2rdamedia 183 $acr$2rdacarrier 200 10$aEthics in Computing, Science, and Engineering$b[electronic resource] $eA Student?s Guide to Doing Things Right /$fby Barry G. Blundell 205 $a1st ed. 2020. 210 1$aCham :$cSpringer International Publishing :$cImprint: Springer,$d2020. 215 $a1 online resource (935 pages) 311 $a3-030-27125-0 327 $aDedication -- About the Author -- Foreword -- 1 Professional Ethics: A Hallmark of Best Practice -- 2 Ethics and the Organisation: Pervasive Best Practice -- 3 Privacy: An Outdated Concept? -- 4 Surveillance: Technologies, Techniques and Ramifications -- 5 The Internet, Censorship, Empowerment and Repression -- 6 Ethics and the Environment -- 7 Empowering Technology: Drones -- 8 Robotic Systems -- 9 Ethics and Education -- 10 Ethics and Research -- 11 Reflections -- Appendices -- Index. 330 $aThis comprehensive textbook introduces students to the wide-ranging responsibilities of computing, science and engineering professionals by laying strong transdisciplinary foundations and by highlighting ethical issues that may arise during their careers. The work is well illustrated, and makes extensive use of activities, ethical dilemmas and case studies designed to stimulate discussion and engagement. A broad range of technologies are introduced and examined within an ethical framework. These include biometrics, surveillance systems (including facial recognition), radio frequency identification devices, drone technologies, the Internet of Things, and robotic systems. The application and potential societal ramifications of such systems are examined in detail, not only in their current context but also in terms of their ongoing evolution. The reader is asked to consider whether we can afford to allow ongoing developments to be primarily driven by market forces, or whether a more cautious approach is needed. Further chapters examine the benefits of ethical leadership, environmental issues relating to the technology product lifecycle (from inception to e-waste), ethical considerations in research (including medical experimentation), and the need to develop educational programs which will better prepare students for a more fluid employment landscape. The final chapter introduces a structured approach to ethical issue resolution, providing a valuable, long-term reference. In addition, it emphasises the ethical responsibilities of the professional, and considers issues that can arise when we endeavour to effect ethically sound change within organisations. Examples are provided which highlight the possible ramifications of exercising ethical valour. The author has created an extensively referenced textbook that catalyses student interest, is internationally relevant, and which is multicultural in both its scope and outlook. . 606 $aEngineering ethics 606 $aEngineering?Vocational guidance 606 $aComputers 606 $aLaw and legislation 606 $aPhilosophy 606 $aEnvironmental law 606 $aEnvironmental policy 606 $aEngineering Ethics$3https://scigraph.springernature.com/ontologies/product-market-codes/E14030 606 $aJob Careers in Science and Engineering$3https://scigraph.springernature.com/ontologies/product-market-codes/T13009 606 $aLegal Aspects of Computing$3https://scigraph.springernature.com/ontologies/product-market-codes/I24059 606 $aThe Computing Profession$3https://scigraph.springernature.com/ontologies/product-market-codes/I24075 606 $aPhilosophy of Technology$3https://scigraph.springernature.com/ontologies/product-market-codes/E34050 606 $aEnvironmental Law/Policy/Ecojustice$3https://scigraph.springernature.com/ontologies/product-market-codes/U16002 615 0$aEngineering ethics. 615 0$aEngineering?Vocational guidance. 615 0$aComputers. 615 0$aLaw and legislation. 615 0$aPhilosophy. 615 0$aEnvironmental law. 615 0$aEnvironmental policy. 615 14$aEngineering Ethics. 615 24$aJob Careers in Science and Engineering. 615 24$aLegal Aspects of Computing. 615 24$aThe Computing Profession. 615 24$aPhilosophy of Technology. 615 24$aEnvironmental Law/Policy/Ecojustice. 676 $a174.900164 700 $aBlundell$b Barry G$4aut$4http://id.loc.gov/vocabulary/relators/aut$0886314 801 0$bMiAaPQ 801 1$bMiAaPQ 801 2$bMiAaPQ 906 $aBOOK 912 $a9910380736303321 996 $aEthics in Computing, Science, and Engineering$91979154 997 $aUNINA LEADER 02467oam 22005654a 450 001 9910350189203321 005 20250327233002.0 010 $a9781950192526 010 $a1950192520 024 7 $a10.21983/P3.0266.1.00 035 $a(CKB)4100000009845543 035 $a(OAPEN)1006309 035 $a(OCoLC)1135844883 035 $a(MdBmJHUP)muse81975 035 $a(oapen)https://directory.doabooks.org/handle/20.500.12854/31634 035 $a(oapen)doab31634 035 $a(EXLCZ)994100000009845543 100 $a20191009d2019 uy 0 101 0 $aeng 135 $aurmu#---auuuu 181 $ctxt$2rdacontent 182 $cc$2rdamedia 183 $acr$2rdacarrier 200 10$aGender Trouble Couplets, Volume 1$fA.W. Strouse, Anna M. K?osowska 210 $aBrooklyn, NY$cpunctum books$d2019 210 1$aSanta Barbara :$cpunctum books,$d2019. 210 4$dİ2019. 215 $a1 online resource (xvi, 82 pages) $cillustrations; PDF, digital file(s) 311 08$a9781950192519 311 08$a1950192512 330 $a"Judith Butler's Gender Trouble: Feminism and the Subversion of Identity radically claimed that the sexed body is a fallacy, discursively constructed by the performance of gender. A.W. Strouse has undertaken to rewrite Butler's classic tome into an octosyllabic poem. Inspired by the rhyming encyclopedias of the Middle Ages, Strouse transforms each of Butler's sentences into Seussian couplets. This performative repetition of Chapter 1 of Butler's Gender Trouble, "Subjects of Sex/Gender/Desire," deconstructs Butler's deconstruction. Relishing in the campiness of rhyme and meter-in the bodily pleasures of form-Strouse's Gender Trouble Couplets, Volume 1 is an imitation for which there is no original. Gender Trouble, perhaps, was poetry all along"--$cProvided by publisher. 606 $aPoetry by individual poets$2bicssc 606 $aGender studies: women$2bicssc 610 $acommentary 610 $averse translation 610 $aJudith Butler 610 $agender studies 610 $aqueer studies 610 $aGender Trouble 615 7$aPoetry by individual poets 615 7$aGender studies: women 676 $a811.6 700 $aStrouse$b A. W.$0876584 702 $aK?osowska$b Anna$f1966- 801 0$bMdBmJHUP 801 1$bMdBmJHUP 906 $aBOOK 912 $a9910350189203321 996 $aGender Trouble Couplets, Volume 1$94346591 997 $aUNINA